Papeleros. Rama corrugados. CCT 677/2013 (Registro nro. 34079)

Detalles MARC
000 -LEADER
fixed length control field 00321 a2200109 4500
001 - CONTROL NUMBER
control field ART_46968
005 - DATE AND TIME OF LATEST TRANSACTION
control field 20260410162032.0
008 - FIXED-LENGTH DATA ELEMENTS--GENERAL INFORMATION
fixed length control field 260409a
100 1# - MAIN ENTRY--PERSONAL NAME
Personal name Godoy, Laura M.
245 10 - TITLE STATEMENT
Title Papeleros. Rama corrugados. CCT 677/2013
773 0# - HOST ITEM ENTRY
Title Liquidación de sueldos
Related parts - Nº 140 (ene. 2018)
Record control number REV44399

No hay ítems disponibles.